[Event "FRA-chT2A 0506"]
[Site "France"]
[Date "2006.03.12"]
[Round "9.2"]
[White "Sorin, Maxime"]
[Black "Neiman, Emmanuel"]
[Result "1/2-1/2"]
[WhiteElo "2307"]
[BlackElo "2337"]
[PlyCount "32"]
[EventDate "2005.10.27"]
[EventType "team-tourn"]
[EventRounds "11"]
[EventCountry "FRA"]
[SourceTitle "EXT 2006"]
[Source "ChessBase"]
[SourceDate "2005.11.24"]
[SourceVersion "1"]
[SourceVersionDate "2005.11.24"]
[SourceQuality "1"]
[WhiteTeam "Sautron"]
[BlackTeam "Evry III"]
[WhiteTeamCountry "FRA"]
[BlackTeamCountry "FRA"]

1. e4 e5 2. Nf3 Nf6 3. Nxe5 d6 4. Nf3 Nxe4 5. Nc3 Nxc3 6. dxc3 Be7 7. Bf4 Nd7 8. Qd2 Nc5 9. 0-0-0 0-0 10. h3 Re8 11. Bd3 Be6 12. Kb1 Qd7 13. Nd4 Bf6 14. Rhe1 Bxd4 15. cxd4 Nxd3 16. Qxd3 Bf5 1/2-1/2

[Event "FRA-chT2A 0506"]
[Site "France"]
[Date "2006.02.05"]
[Round "7.2"]
[White "Delorme, Alban"]
[Black "Sorin, Maxime"]
[Result "1-0"]
[WhiteElo "2271"]
[BlackElo "2307"]
[PlyCount "35"]
[EventDate "2005.10.27"]
[EventType "team-tourn"]
[EventRounds "11"]
[EventCountry "FRA"]
[SourceTitle "EXT 2006"]
[Source "ChessBase"]
[SourceDate "2005.11.24"]
[SourceVersion "1"]
[SourceVersionDate "2005.11.24"]
[SourceQuality "1"]
[WhiteTeam "Nantes"]
[BlackTeam "Sautron"]
[WhiteTeamCountry "FRA"]
[BlackTeamCountry "FRA"]

1. e4 e6 2. d4 d5 3. Nc3 Bb4 4. e5 c5 5. a3 Bxc3+ 6. bxc3 Ne7 7. Qg4 Qc7 8. Bd2 Nbc6 9. Nf3 Kf8 10. Bd3 Na5 11. 0-0 Nc4 12. Be3 Nb2 13. dxc5 Bd7 14. Qf4 Ng6 15. Bxg6 hxg6 16. c6 Bxc6 17. Qb4+ Qe7 18. Bc5 1-0

[Event "FRA-chT2A 0506"]
[Site "France"]
[Date "2005.10.16"]
[Round "1"]
[White "Sorin, Maxime"]
[Black "Favarel, Julien"]
[Result "1-0"]
[WhiteElo "2303"]
[BlackElo "2223"]
[PlyCount "79"]
[EventDate "2005.10.27"]
[EventType "team-tourn"]
[EventRounds "11"]
[EventCountry "FRA"]
[SourceTitle "EXT 2006"]
[Source "ChessBase"]
[SourceDate "2005.11.24"]
[SourceVersion "1"]
[SourceVersionDate "2005.11.24"]
[SourceQuality "1"]
[WhiteTeam "Sautron"]
[BlackTeam "Bordeaux ASPOM"]
[WhiteTeamCountry "FRA"]
[BlackTeamCountry "FRA"]

1. e4 c5 2. Nf3 Nc6 3. Bb5 g6 4. Bxc6 dxc6 5. d3 Bg7 6. h3 Nf6 7. Nc3 Nd7 8. Be3 e5 9. Qd2 Qe7 10. Bh6 f6 11. Bxg7 Qxg7 12. a3 Qe7 13. 0-0 Nf8 14. b4 Ne6 15. Na4 b6 16. c3 0-0 17. Qe3 Ba6 18. Rfd1 Rfe8 19. Rab1 Rad8 20. Nb2 Rd7 21. Rd2 Red8 22. Rbd1 Bb5 23. Ne1 Kg7 24. Nc2 Kg8 25. g3 Qd6 26. Kh2 Kg7 27. Kg2 Qe7 28. Kh2 Qd6 29. Kg2 Qe7 30. Na1 Qd6 31. Nb3 Qe7 32. bxc5 Nxc5 33. Nxc5 Qxc5 34. Qxc5 bxc5 35. c4 Ba6 36. Na4 Bxc4 37. Nxc5 Rd4 38. Kf3 Kh6 39. Ke3 Bg8 40. Rb1 1-0

[Event "Sautron op"]
[Site "Sautron"]
[Date "2005.??.??"]
[Round "?"]
[White "Sorin, Maxime"]
[Black "Maze, Sebastien"]
[Result "0-1"]
[WhiteElo "2303"]
[BlackElo "2494"]
[PlyCount "31"]
[EventDate "2005.09.10"]
[EventType "swiss"]
[EventRounds "7"]
[EventCountry "FRA"]
[SourceTitle "EXT 2007"]
[Source "ChessBase"]
[SourceDate "2006.11.23"]
[SourceVersion "1"]
[SourceVersionDate "2006.11.23"]
[SourceQuality "1"]

1. e4 c5 2. Nf3 Nc6 3. Bb5 Nf6 4. e5 Ng4 5. Qe2 g6 6. d3 Qa5+ 7. Nc3 Nd4 8. Nxd4 cxd4 9. b4 Qxb4 10. Rb1 Qxc3+ 11. Bd2 Qc5 12. Qxg4 Qxe5+ 13. Kd1 h5 14. Qf3 Qf5 15. Qe2 a6 16. Ke1 0-1

[Event "Sautron"]
[Site "Sautron"]
[Date "2001.08.??"]
[Round "7"]
[White "Sorin, Maxime"]
[Black "Sermier, Guillaume"]
[Result "1/2-1/2"]
[WhiteElo "2290"]
[BlackElo "2405"]
[PlyCount "54"]
[EventDate "2001.07.??"]
[EventType "tourn"]
[EventRounds "9"]
[EventCountry "FRA"]
[EventCategory "4"]
[SourceTitle "EXT 2003"]
[Source "ChessBase"]
[SourceDate "2002.11.25"]
[SourceVersion "1"]
[SourceVersionDate "2002.11.25"]
[SourceQuality "1"]

1. e4 c5 2. Nf3 e6 3. d4 cxd4 4. Nxd4 Nf6 5. Nc3 d6 6. g4 Nc6 7. g5 Nd7 8. Be3 a6 9. h4 Nxd4 10. Qxd4 b5 11. 0-0-0 Bb7 12. h5 Qc7 13. f4 Rc8 14. Rh2 Nc5 15. Nd5 exd5 16. exd5 Kd8 17. Re2 Ra8 18. Rde1 Bc8 19. Bf2 Bd7 20. b4 Na4 21. Bh3 Qc4 22. Qe3 Qxa2 23. Bxd7 Qb2+ 24. Kd2 Qxb4+ 25. Kc1 Qb2+ 26. Kd2 Qb4+ 27. Kc1 Qb2+ 1/2-1/2

[Event "Sautron"]
[Site "Sautron"]
[Date "2001.07.??"]
[Round "1"]
[White "Cousigne, Frederic"]
[Black "Sorin, Maxime"]
[Result "1/2-1/2"]
[WhiteElo "2217"]
[BlackElo "2290"]
[PlyCount "143"]
[EventDate "2001.07.??"]
[EventType "tourn"]
[EventRounds "9"]
[EventCountry "FRA"]
[EventCategory "4"]
[SourceTitle "EXT 2003"]
[Source "ChessBase"]
[SourceDate "2002.11.25"]
[SourceVersion "1"]
[SourceVersionDate "2002.11.25"]
[SourceQuality "1"]

1. d4 Nf6 2. c4 e6 3. g3 Bb4+ 4. Bd2 Be7 5. Bg2 d5 6. Nf3 0-0 7. 0-0 c6 8. b3 Nbd7 9. Bc3 b6 10. Nbd2 Bb7 11. Qc2 c5 12. Rfd1 Rc8 13. Qb2 a6 14. dxc5 bxc5 15. cxd5 exd5 16. e3 Qb6 17. Ne5 Nxe5 18. Bxe5 a5 19. Nf3 Rfd8 20. Ne1 Ba6 21. h3 h5 22. Rac1 Rd7 23. Nd3 h4 24. g4 Rcd8 25. Nf4 d4 26. exd4 cxd4 27. Bc6 d3 28. Qd2 Nh7 29. Qe3 Qxe3 30. fxe3 g5 31. Ng2 Ra7 32. Bd4 Rxd4 33. exd4 Bb4 34. Be4 d2 35. Bxh7+ Kxh7 36. Rc2 Re7 37. Rcxd2 Bxd2 38. Rxd2 Kg6 39. Kf2 f5 40. gxf5+ Kxf5 41. Kf3 Kg6 42. Ne3 Bc8 43. Ng4 Kh5 44. Nf2 Bxh3 45. Nxh3 g4+ 46. Kg2 gxh3+ 47. Kxh3 Re3+ 48. Kg2 Kg6 49. d5 Kf7 50. Kg1 a4 51. bxa4 Ra3 52. Kf2 Rxa4 53. Ke3 Ke7 54. Kd3 Kd6 55. Kc3 h3 56. Kb3 Rh4 57. Rh2 Kxd5 58. a4 Ke4 59. a5 Kf4 60. a6 Kg3 61. a7 Rh8 62. Rc2 h2 63. Rc3+ Kg2 64. Rc2+ Kg1 65. Rc1+ Kg2 66. Rc2+ Kg3 67. Rc3+ Kf4 68. a8Q Rxa8 69. Rh3 Rb8+ 70. Ka2 Ra8+ 71. Kb2 Rb8+ 72. Ka2 1/2-1/2

[Event "Trignac L'Estuaire op 1st"]
[Site "Trignac"]
[Date "2001.02.11"]
[Round "2"]
[White "Belkhodja, Slim"]
[Black "Sorin, Maxime"]
[Result "0-1"]
[WhiteElo "2471"]
[BlackElo "2262"]
[PlyCount "104"]
[EventDate "2001.02.10"]
[EventType "swiss"]
[EventRounds "9"]
[EventCountry "FRA"]
[SourceTitle "EXT 2002"]
[Source "ChessBase"]
[SourceDate "2001.11.25"]
[SourceVersion "1"]
[SourceVersionDate "2001.11.25"]
[SourceQuality "1"]

1. e4 c5 2. Nf3 Nc6 3. Bb5 e6 4. 0-0 Nge7 5. Re1 Nd4 6. Nxd4 cxd4 7. c3 a6 8. Bf1 Nc6 9. d3 Bc5 10. Nd2 0-0 11. e5 f6 12. Ne4 Be7 13. exf6 Bxf6 14. c4 d5 15. cxd5 exd5 16. Ng3 Bh4 17. Bd2 Qf6 18. f4 Qg6 19. Qf3 Be6 20. Be2 Rae8 21. Bd1 Kh8 22. Ba4 Rd8 23. Bxc6 bxc6 24. Bb4 Rf7 25. Re5 Bg4 26. Qf1 Bf6 27. Ree1 Bg5 28. Bd2 Rdf8 29. Qf2 Bxf4 30. Bxf4 Rxf4 31. Qc2 h5 32. Rf1 Rxf1+ 33. Rxf1 Rxf1+ 34. Kxf1 Qf6+ 35. Qf2 h4 36. Qxf6 gxf6 37. Nh1 c5 38. Nf2 Bf5 39. Ke2 c4 40. b3 c3 41. Kd1 Kg7 42. g3 Kh6 43. Kc2 Kg5 44. a4 a5 45. Nh1 Bg4 46. Nf2 Bd7 47. Kd1 f5 48. Nh3+ Kg4 49. Nf4 hxg3 50. hxg3 Kxg3 51. Ne2+ Kf3 52. Nxd4+ Ke3 0-1

[Event "Metz op 18th"]
[Site "Metz"]
[Date "2000.04.21"]
[Round "7"]
[White "Shchekachev, Andrei"]
[Black "Sorin, Maxime"]
[Result "1/2-1/2"]
[WhiteElo "2509"]
[BlackElo "2285"]
[PlyCount "91"]
[EventDate "2000.04.15"]
[EventType "swiss"]
[EventRounds "9"]
[EventCountry "FRA"]
[SourceTitle "CBM 075 Extra"]
[Source "ChessBase"]
[SourceDate "2000.05.11"]
[SourceVersion "2"]
[SourceVersionDate "2000.05.11"]
[SourceQuality "1"]

1. Nf3 Nf6 2. c4 e6 3. Nc3 Bb4 4. Qb3 c5 5. g3 b6 6. Bg2 Bb7 7. 0-0 0-0 8. d3 d6 9. a3 Bxc3 10. Qxc3 a5 11. b3 Nbd7 12. e4 a4 13. b4 cxb4 14. Qxb4 Nc5 15. Rd1 Nfd7 16. Ne1 e5 17. Bh3 Nb3 18. Rb1 Ndc5 19. Be3 Bc6 20. Nc2 Rb8 21. f3 f5 22. Bg2 Qc7 23. Qc3 Kh8 24. d4 exd4 25. Nxd4 fxe4 26. Nxc6 Qxc6 27. fxe4 Nxe4 28. Qc2 Nbc5 29. Bd4 Rbe8 30. Qb2 Qd7 31. Rf1 Qg4 32. Rbd1 Nb3 33. Bxe4 Rxf1+ 34. Rxf1 Qxe4 35. Bxg7+ Kg8 36. Qf6 Qe3+ 37. Rf2 Qe1+ 38. Kg2 Qe4+ 39. Kh3 Qe6+ 40. Qxe6+ Rxe6 41. Bc3 Nc5 42. Rf5 Re4 43. Rg5+ Kf8 44. Rg4 Re3 45. Bb4 Rd3 46. Rf4+ 1/2-1/2

[Event "Cappelle op 16th"]
[Site "Cappelle la Grande"]
[Date "2000.02.22"]
[Round "5"]
[White "Sulava, Nenad"]
[Black "Sorin, Maxime"]
[Result "1-0"]
[WhiteElo "2486"]
[BlackElo "2285"]
[PlyCount "79"]
[EventDate "2000.02.19"]
[EventType "swiss"]
[EventRounds "9"]
[EventCountry "FRA"]
[SourceTitle "CBM 074 Extra"]
[Source "ChessBase"]
[SourceDate "2000.03.10"]
[SourceVersion "2"]
[SourceVersionDate "2000.03.10"]
[SourceQuality "1"]

1. Nf3 Nf6 2. g3 d5 3. Bg2 Bf5 4. c4 c6 5. cxd5 cxd5 6. Qb3 Qb6 7. Qxb6 axb6 8. Nc3 e6 9. d3 Be7 10. 0-0 0-0 11. Nh4 Bg6 12. e4 d4 13. Nxg6 hxg6 14. Nb5 Nc6 15. Bd2 Nd7 16. Rfd1 Rfd8 17. f4 Nc5 18. Be1 Na7 19. Nxa7 Rxa7 20. e5 Rda8 21. b4 Na4 22. Rdc1 Nc3 23. Bxc3 dxc3 24. Rxc3 Bxb4 25. Rc2 Bc5+ 26. Kf1 Bd4 27. Rac1 Rxa2 28. Bxb7 Rxc2 29. Rxc2 Ra1+ 30. Ke2 b5 31. Be4 b4 32. Rc4 Ra2+ 33. Kf3 Bc3 34. h4 Rh2 35. d4 Be1 36. d5 exd5 37. Bxd5 Kh7 38. Bxf7 b3 39. Rc6 Rf2+ 40. Kg4 1-0

[Event "FRA-ch U16"]
[Site "Romans"]
[Date "1999.04.13"]
[Round "4"]
[White "Sorin, Maxime"]
[Black "Marx, Nicolas"]
[Result "1-0"]
[WhiteElo "2208"]
[BlackElo "2091"]
[PlyCount "55"]
[EventDate "1999.04.12"]
[EventType "swiss"]
[EventRounds "8"]
[EventCountry "FRA"]
[SourceTitle "EXT 2002"]
[Source "ChessBase"]
[SourceDate "2001.11.25"]
[SourceVersion "1"]
[SourceVersionDate "2001.11.25"]
[SourceQuality "1"]

1. e4 e5 2. Nf3 Nc6 3. d4 exd4 4. Nxd4 Nf6 5. Nxc6 bxc6 6. e5 Qe7 7. Qe2 Nd5 8. c4 Nb6 9. Nd2 Bb7 10. b3 a5 11. a4 Qe6 12. Bb2 Bb4 13. 0-0-0 0-0-0 14. Nf3 Qh6+ 15. Kb1 Rde8 16. Qc2 Qg6 17. Bd3 Qxg2 18. Be4 c5 19. Rhg1 Bxe4 20. Qxe4 Qh3 21. Rxg7 f6 22. Ka2 Qe6 23. Rxh7 fxe5 24. Nxe5 d6 25. Rxc7+ Kxc7 26. Qc6+ Kb8 27. Qxb6+ Ka8 28. Nc6 1-0

[Event "FRA-chT U18 9899"]
[Site "France"]
[Date "1999.??.??"]
[Round "11"]
[White "Aranovitch, Gregory"]
[Black "Sorin, Maxime"]
[Result "0-1"]
[WhiteElo "2060"]
[BlackElo "2250"]
[PlyCount "90"]
[EventDate "1998.??.??"]
[EventType "team"]
[EventRounds "11"]
[EventCountry "FRA"]
[SourceTitle "EXT 2000"]
[Source "ChessBase"]
[SourceDate "1999.11.16"]
[SourceVersion "1"]
[SourceVersionDate "1999.11.16"]
[SourceQuality "1"]

1. Nf3 Nf6 2. b3 e6 3. Bb2 d5 4. e3 Be7 5. Be2 0-0 6. 0-0 b6 7. d4 c5 8. Nbd2 Bb7 9. c4 cxd4 10. Nxd4 Nc6 11. cxd5 Nxd4 12. Bxd4 exd5 13. Bd3 Bc8 14. h3 Be6 15. Qc2 Rc8 16. Qb2 Qd7 17. Nf3 Bf5 18. Ba6 Rc2 19. Ne5 Qe6 20. Qb1 Rxf2 21. Qd1 Rxf1+ 22. Qxf1 Ne4 23. Rc1 Nc5 24. Bb5 Bd6 25. Nf3 Ne4 26. Bd3 Qg6 27. Bxe4 Bxe4 28. Qf2 Bg3 29. Qf1 Bd3 30. Qd1 Be4 31. Qf1 Qf5 32. Ne5 Qxf1+ 33. Kxf1 f6 34. Nc6 Rf7 35. Nd8 Rc7 36. Rc6 Bd3+ 37. Kg1 Bb5 38. Rxc7 Bxc7 39. Ne6 Bd6 40. Nf4 Bc6 41. Kf2 Kf7 42. Ke2 g5 43. Nd3 Ke6 44. Kf3 Bb5 45. Nf2 f5 0-1

[Event "FRA-chT"]
[Site "France"]
[Date "1999.??.??"]
[Round "6"]
[White "Siegel, Georg"]
[Black "Sorin, Maxime"]
[Result "1-0"]
[WhiteElo "2483"]
[BlackElo "2208"]
[PlyCount "149"]
[EventDate "1999.02.??"]
[EventType "team"]
[EventRounds "11"]
[EventCountry "FRA"]
[SourceTitle "EXT 2000"]
[Source "ChessBase"]
[SourceDate "1999.11.16"]
[SourceVersion "1"]
[SourceVersionDate "1999.11.16"]
[SourceQuality "1"]

1. d4 Nf6 2. c4 e6 3. Nf3 b6 4. g3 Ba6 5. b3 Bb7 6. Bg2 Bb4+ 7. Bd2 c5 8. 0-0 0-0 9. dxc5 Bxc5 10. Bc3 Be7 11. Qc2 Qc7 12. Nbd2 d6 13. Rfd1 Nbd7 14. Rac1 Rac8 15. Qb2 Qb8 16. Nf1 Rfd8 17. Nd4 Bxg2 18. Kxg2 Qb7+ 19. Nf3 Ne8 20. Ne3 Ndf6 21. Kg1 d5 22. Bd4 Bc5 23. cxd5 Bxd4 24. Nxd4 Nxd5 25. Nc4 Nef6 26. Nb5 Qb8 27. Qe5 Qxe5 28. Nxe5 Rxc1 29. Rxc1 Kf8 30. Nxa7 Ra8 31. Rc8+ Rxc8 32. Nxc8 b5 33. a4 bxa4 34. bxa4 Ne4 35. a5 Nc5 36. Nd6 Ke7 37. Ndxf7 Nb4 38. Ng5 h6 39. Ngf3 Nb3 40. Nc4 Nc6 41. a6 Nc5 42. Nfe5 Na7 43. Kg2 Nxa6 44. Kf3 Nc5 45. h4 Nb5 46. e3 Nd7 47. Nxd7 Kxd7 48. Kg4 Ke7 49. Kh5 Kf7 50. e4 Nd4 51. e5 Nf3 52. Kg4 Nd4 53. Nd6+ Kg6 54. h5+ Kh7 55. Kf4 g6 56. Ke4 Nc6 57. hxg6+ Kxg6 58. f4 h5 59. Nb5 Ne7 60. Nd4 Kf7 61. f5 exf5+ 62. Nxf5 Ng6 63. Kd5 Nf8 64. Kd6 Kg6 65. e6 Nh7 66. e7 Nf6 67. Ke6 Ne8 68. Ne3 Ng7+ 69. Kd7 Kg5 70. Nd5 h4 71. gxh4+ Kxh4 72. Nc7 Kg4 73. Ne6 Nh5 74. Kd8 Nf6 75. Nc7 1-0

[Event "Le Touquet op 14th"]
[Site "Le Touquet"]
[Date "1999.??.??"]
[Round "3"]
[White "Sorin, Maxime"]
[Black "Karpatchev, Aleksandr"]
[Result "0-1"]
[WhiteElo "2208"]
[BlackElo "2477"]
[PlyCount "44"]
[EventDate "1999.10.??"]
[EventType "swiss"]
[EventRounds "9"]
[EventCountry "FRA"]
[SourceTitle "EXT 2001"]
[Source "ChessBase"]
[SourceDate "2000.11.22"]
[SourceVersion "1"]
[SourceVersionDate "2000.11.22"]
[SourceQuality "1"]

1. e4 c5 2. Nf3 g6 3. d4 cxd4 4. Nxd4 Bg7 5. c4 Nc6 6. Be3 Nh6 7. Be2 d6 8. f3 f5 9. exf5 Qb6 10. f6 Bxf6 11. Nc2 Qa5+ 12. Bd2 Qh5 13. 0-0 0-0 14. Nc3 Nd4 15. Nxd4 Bxd4+ 16. Kh1 Bg7 17. Nd5 Rf7 18. Bc3 Bxc3 19. Nxc3 Nf5 20. f4 Ng3+ 21. Kg1 Qc5+ 22. Rf2 Nh1 0-1

[Event "FRA-chT"]
[Site "France"]
[Date "1999.??.??"]
[Round "9"]
[White "Sorin, Maxime"]
[Black "Lefebvre, Herve"]
[Result "1/2-1/2"]
[WhiteElo "2208"]
[BlackElo "2119"]
[PlyCount "42"]
[EventDate "1999.02.??"]
[EventType "team"]
[EventRounds "11"]
[EventCountry "FRA"]
[SourceTitle "EXT 2000"]
[Source "ChessBase"]
[SourceDate "1999.11.16"]
[SourceVersion "1"]
[SourceVersionDate "1999.11.16"]
[SourceQuality "1"]

1. e4 c5 2. Nf3 d6 3. d4 cxd4 4. Nxd4 Nf6 5. Nc3 a6 6. Bc4 e6 7. Bb3 b5 8. 0-0 Be7 9. Qf3 Qb6 10. Bg5 0-0 11. Rad1 Nbd7 12. Qg3 Nc5 13. Rfe1 Bb7 14. Bh6 Ne8 15. Kh1 Kh8 16. Bg5 Bxg5 17. Qxg5 Nf6 18. f3 Rfd8 19. Nce2 a5 20. c3 a4 21. Bc2 b4 1/2-1/2

[Event "FRA-chT"]
[Site "France"]
[Date "1999.??.??"]
[Round "10"]
[White "Sorin, Maxime"]
[Black "Letreguilly, Olivier"]
[Result "1/2-1/2"]
[WhiteElo "2208"]
[BlackElo "2245"]
[PlyCount "122"]
[EventDate "1999.02.??"]
[EventType "team"]
[EventRounds "11"]
[EventCountry "FRA"]
[SourceTitle "EXT 2000"]
[Source "ChessBase"]
[SourceDate "1999.11.16"]
[SourceVersion "1"]
[SourceVersionDate "1999.11.16"]
[SourceQuality "1"]

1. e4 c5 2. Nf3 d6 3. d4 cxd4 4. Nxd4 Nf6 5. Nc3 a6 6. g3 Bg4 7. f3 Bd7 8. Be3 Nc6 9. Bg2 Rc8 10. Nxc6 Bxc6 11. 0-0 e6 12. a4 d5 13. e5 Nd7 14. f4 Bb4 15. f5 0-0 16. fxe6 fxe6 17. Qg4 Qe7 18. Bh3 Rce8 19. Rxf8+ Nxf8 20. Ne2 Ng6 21. Bd4 Bc5 22. Kh1 Bxd4 23. Nxd4 Qb4 24. Nxc6 Qxg4 25. Bxg4 bxc6 26. Re1 a5 27. Re3 d4 28. Re4 c5 29. Kg2 Nf8 30. Kf2 Nd7 31. Be2 Rf8+ 32. Ke1 Kf7 33. Bb5 Ke7 34. Ke2 Rf5 35. Bxd7 Kxd7 36. Kd3 Rf2 37. Rg4 g6 38. h4 Kc6 39. Rf4 Rg2 40. Rf7 Kd5 41. Rd7+ Kc6 42. Rd6+ Kc7 43. Rxe6 Rxg3+ 44. Kc4 Rg2 45. Kxc5 Rxc2+ 46. Kxd4 Rxb2 47. Kc5 Kd7 48. Ra6 Rc2+ 49. Kd5 Rd2+ 50. Kc5 Rc2+ 51. Kb5 Re2 52. e6+ Rxe6 53. Ra7+ Kd6 54. Kxa5 Re5+ 55. Kb6 Rh5 56. a5 Rxh4 57. a6 Rb4+ 58. Ka5 Rb1 59. Rxh7 Kc6 60. a7 Ra1+ 61. Kb4 Kb6 1/2-1/2